| 000 | 00405nam a22001457a 4500 | ||
|---|---|---|---|
| 999 |
_c7786 _d7784 |
||
| 005 | 20210326102620.0 | ||
| 008 | 210326b ||||| |||| 00| 0 eng d | ||
| 082 | _a346.066 | ||
| 100 |
_aAIYAR, A.N. _96466 |
||
| 245 | _aCOMPANY CASES:THE CORPORATE LAW WEEKLY [VOL-217] | ||
| 260 |
_aCHENNAI _bCOMPANY LAW INSTITUTE OF INDIA PVT.LTD. _c2019 |
||
| 300 | _a624,i-xxxii;p | ||
| 650 |
_aLAW _95701 |
||
| 942 | _cJRL | ||